Biotechnology / (Record no. 5143)
[ view plain ]
| 000 -LEADER | |
|---|---|
| fixed length control field | 01887cam a22004577i 4500 |
| 003 - CONTROL NUMBER IDENTIFIER | |
| control field | OSt |
| 005 - DATE AND TIME OF LATEST TRANSACTION | |
| control field | 20220404121219.0 |
| 008 - FIXED-LENGTH DATA ELEMENTS--GENERAL INFORMATION | |
| fixed length control field | 150203t20162016ne a b 001 0 eng d |
| 020 ## - INTERNATIONAL STANDARD BOOK NUMBER | |
| International Standard Book Number | 9780123850157 (hbk.) |
| 020 ## - INTERNATIONAL STANDARD BOOK NUMBER | |
| International Standard Book Number | 0123850150 |
| 040 ## - CATALOGING SOURCE | |
| Transcribing agency | YDXCP |
| 042 ## - AUTHENTICATION CODE | |
| Authentication code | lccopycat |
| 050 00 - LIBRARY OF CONGRESS CALL NUMBER | |
| Classification number | TP248.2 |
| Item number | .C528 2016 |
| 100 1# - MAIN ENTRY--PERSONAL NAME | |
| Personal name | Clark, David P., |
| 245 10 - TITLE STATEMENT | |
| Title | Biotechnology / |
| Statement of responsibility, etc. | David P. Clark, Department of Microbiology, Southern Illinois University, Carbondale, Illinois, USA, Nanette J. Pazdernik, Washington University School of Medicine, St. Louis, Missouri, USA. |
| 250 ## - EDITION STATEMENT | |
| Edition statement | Second edition. |
| 264 #1 - PRODUCTION, PUBLICATION, DISTRIBUTION, MANUFACTURE, AND COPYRIGHT NOTICE | |
| Place of production, publication, distribution, manufacture | Amsterdam ; |
| -- | Boston : |
| Name of producer, publisher, distributor, manufacturer | Elsevier/AP Cell, Academic Cell is an imprint of Elsevier, |
| Date of production, publication, distribution, manufacture, or copyright notice | [2016] |
| 264 #4 - PRODUCTION, PUBLICATION, DISTRIBUTION, MANUFACTURE, AND COPYRIGHT NOTICE | |
| Date of production, publication, distribution, manufacture, or copyright notice | ©2016 |
| 300 ## - PHYSICAL DESCRIPTION | |
| Extent | xv, 833 pages : |
| Other physical details | illustrations (color) ; |
| Dimensions | 29 cm |
| 336 ## - CONTENT TYPE | |
| Content type term | text |
| Content type code | txt |
| Source | rdacontent |
| 337 ## - MEDIA TYPE | |
| Media type term | unmediated |
| Media type code | n |
| Source | rdamedia |
| 338 ## - CARRIER TYPE | |
| Carrier type term | volume |
| Carrier type code | nc |
| Source | rdacarrier |
| 500 ## - GENERAL NOTE | |
| General note | Includes end-of-chapter study questions. |
| 504 ## - BIBLIOGRAPHY, ETC. NOTE | |
| Bibliography, etc. note | Includes bibliographical references and index. |
| 650 #0 - SUBJECT ADDED ENTRY--TOPICAL TERM | |
| Topical term or geographic name entry element | Biotechnology |
| Form subdivision | Textbooks. |
| 650 #0 - SUBJECT ADDED ENTRY--TOPICAL TERM | |
| Topical term or geographic name entry element | Genetic engineering |
| Form subdivision | Textbooks. |
| 650 #0 - SUBJECT ADDED ENTRY--TOPICAL TERM | |
| Topical term or geographic name entry element | Molecular biology |
| Form subdivision | Textbooks. |
| 650 #7 - SUBJECT ADDED ENTRY--TOPICAL TERM | |
| Topical term or geographic name entry element | Biotechnology. |
| Source of heading or term | fast |
| Authority record control number or standard number | (OCoLC)fst00832729 |
| 650 #7 - SUBJECT ADDED ENTRY--TOPICAL TERM | |
| Topical term or geographic name entry element | Genetic engineering. |
| Source of heading or term | fast |
| Authority record control number or standard number | (OCoLC)fst00940027 |
| 650 #7 - SUBJECT ADDED ENTRY--TOPICAL TERM | |
| Topical term or geographic name entry element | Molecular biology. |
| Source of heading or term | fast |
| Authority record control number or standard number | (OCoLC)fst01024734 |
| 650 #7 - SUBJECT ADDED ENTRY--TOPICAL TERM | |
| Topical term or geographic name entry element | Bioteknik. |
| Source of heading or term | sao |
| 650 #7 - SUBJECT ADDED ENTRY--TOPICAL TERM | |
| Topical term or geographic name entry element | Genteknik. |
| Source of heading or term | sao |
| 650 #7 - SUBJECT ADDED ENTRY--TOPICAL TERM | |
| Topical term or geographic name entry element | Molekylärbiologi. |
| Source of heading or term | sao |
| 655 #7 - INDEX TERM--GENRE/FORM | |
| Authority record control number or standard number | (OCoLC)fst01423863 |
| 700 1# - ADDED ENTRY--PERSONAL NAME | |
| Personal name | Pazdernik, Nanette Jean, |
| Relator term | author. |
| 856 ## - ELECTRONIC LOCATION AND ACCESS | |
| Uniform Resource Identifier | http://172.30.46.200/cgi-bin/koha/opac-retrieve-file.pl?id=d41a3b4069fca3c50435df8ed0ef4e68 |
| 906 ## - LOCAL DATA ELEMENT F, LDF (RLIN) | |
| a | 7 |
| b | cbc |
| c | copycat |
| d | 2 |
| e | ncip |
| f | 20 |
| g | y-gencatlg |
| 942 ## - ADDED ENTRY ELEMENTS (KOHA) | |
| Source of classification or shelving scheme | |
| Koha item type | e-book |
| Suppress in OPAC | MW |
| Withdrawn status | Lost status | Source of classification or shelving scheme | Damaged status | Not for loan | Permanent Location | Current Location | Shelving location | Date acquired | Total Checkouts | Full call number | Date last seen | Price effective from | Koha item type | Public note |
|---|---|---|---|---|---|---|---|---|---|---|---|---|---|---|
| AU LIBRARY | AU LIBRARY | Virtual Library | 04.04.2022 | TP248.2 .C528 2016 | 04.04.2022 | 04.04.2022 | e-book | MW |